000
00351nam a2200157Ia 4500
008
151213s9999 xx 000 0 und d
100
_a
Mankiw
245
_a
Economics
_c
Mankiw
250
_a
3rd
260
_a
U.S.A
_b
Michal B .Meerlier
_c
2004
300
_a
4178 p.
650
_a
Economics
650
_a
Economics
700
_a
Mankiw
999
_c
2603
_d
2603